| 000 | 01646nam a22004217a 4500 | ||
|---|---|---|---|
| 003 | CHAP | ||
| 005 | 20220329143723.0 | ||
| 008 | 110408s2011 mx r 00010 spa d | ||
| 010 | _a100891 | ||
| 011 | _a101863 | ||
| 035 | _a112551 | ||
| 040 | _cCHAP | ||
| 090 | _aTesis | ||
| 100 | 1 |
_aAparicio Marquez, Santiago. _96212 |
|
| 245 | 1 | 0 |
_aEvolución de la microflora bacteriana total y coliforme y detención de patógenos en queso crema de Chiapas _h[En línea] _c/por Santiago Aparicio Márquez |
| 260 |
_aChapingo, Méx. : _bEl autor, _c2011 |
||
| 500 | _aPar ver el contenido del material haga clic enla liga | ||
| 502 | _aTesis (Ing. Agroindustrial) -- UACH. Departamento de Ingeniería Agroindustrial | ||
| 590 |
_aALEPH _b10 _c20130110 _lUCH01 _h1540 |
||
| 590 |
_aBATCH-UPD _b10 _c20130110 _lUCH01 _h1328 |
||
| 590 |
_aBATCH-UPD _b10 _c20130410 _lUCH01 _h0834 |
||
| 590 |
_aBATCH-UPD _b10 _c20130914 _lUCH01 _h0517 |
||
| 590 |
_aBATCH-UPD _b10 _c20140324 _lUCH01 _h1524 |
||
| 590 |
_aBATCH-UPD _b10 _c20141002 _lUCH01 _h0848 |
||
| 590 |
_aBATCH _b00 _c20181121 _lUCH01 _h0758 |
||
| 590 |
_aCONVERSION _b10 _c20130109 _lUCH01 _h1356 |
||
| 650 | 1 | 4 |
_aBacteria coliforme. _99316 |
| 650 | 1 | 4 |
_aEvolución. _939007 |
| 650 | 1 | 4 |
_aHongos patógenos. _956136 |
| 650 | 1 | 4 |
_aQueso crema _xProcesado. _993240 |
| 650 | 1 | 4 |
_aQueso crema _zChiapas. _993241 |
| 856 |
_3Finding aid _uhttp://10.13.5.2/tesis/112551.pdf _zTeclea aqui |
||
| 856 |
_a1 _n0000419 |
||
| 901 | _aBK | ||
| 942 | _cFOLL | ||
| 949 |
_aTesis _bBC _cTES _d33724002259488 _eTS1 _gDonaciØn _h52128 _i112551 _st |
||
| 949 |
_aTesis _bBC _cTES _d33724002259520 _eTS2 _fc.2 _gDonaciØn _h52129 _i112551 _st |
||
| 999 |
_c100891 _d100891 |
||